000 00663nam a2200205Ii 4500
003 JO-AjNU
008 230605s9999||||xx |||||||||||||| ||und||
017 _a2003/18126
040 _aJO-AjNU
_bara
_erda
_cJO-AjNU
041 _aara
050 1 4 _aR1283.A2888
100 3 _aمحمدعارف ، ابوالفداء محمد عزت,
_eauthor
_913392
245 0 0 _aاسرار العلاج بالحجامة والفصد
264 3 1 _aالقاهرة:دار الفضيلة ، 1900
300 _a142ص
336 _atext
_btxt
_2rdacontent
337 _aunmediated
_bn
_2rdamedia
338 _avolume
_bnc
_2rdacarrier
650 4 _aالعلاج بالحجامه
_913393
999 _aA3323
_c6891
_d6891